000 00494nam a22001937a 4500
003 LK-CoDNM
005 20250116114728.0
008 250116b |||||||| |||| 00| 0 eng d
040 _aLK-CoDNM
_dLK-CoDNM
_eLK-CoDNM
041 _aeng
080 _a10
_bB20
100 _aChas. W. Macara, Bart
245 _aHow the cotton industry was internationalised
260 _aManchester
_bSherratt & Hughes
_c1927
300 _b16p. ; 24 cm
650 _aScience
650 _a1927
942 _cBK
999 _c236484
_d236484